Statistics for Anime Characters By Series

Click here to take the quiz!

General Stats

  • This quiz has been taken 32 times
  • The average score is 5 of 17

Answer Stats

CharacterAnime% Correct
Katsuki BakugoMy Hero Academia
79%
Asuna YuukiSword Art Online
79%
Giorno GiovannaJojo's Bizarre Adventure
71%
Marshall D. TeachOne Piece
57%
GriffithBerserk
39%
Tetsuya KurokoKukoro No Basket
32%
PrideFull Metal Alchemist
29%
Wakana GojouMy Dress Up Darling
21%
Maki OzeFire Force
11%
Mamoru Endou Inazuma Eleven
7%
KyubeyPuella Magi Madoka Magica
7%
You AsakuraShaman King
7%
Meiko HonmaAnohana
4%
Mighty AtomAstro Boy
4%
Kou SakuragiWotaku ni Koi wa Muzukashii
4%
Sentarou KawabuchiSakamichi no Apollon
0%
Barnaby Brooks JrTiger & Bunny
0%

Score Distribution

Percentile by Number Answered

Percent of People with Each Score

Your Score History

You have not taken this quiz